LOS PROBLEMAS DEL DESARROLLO EN AMERICA LATINA : (Registro nro. 10275)
[ vista simple ]
| 000 -LEADER | |
|---|---|
| fixed length control field | 00548nam a2200157 a 4500 |
| 001 - CONTROL NUMBER | |
| control field | 10275 |
| 005 - DATE AND TIME OF LATEST TRANSACTION | |
| control field | 20180713194333.0 |
| 008 - FIXED-LENGTH DATA ELEMENTS--GENERAL INFORMATION | |
| fixed length control field | 140415s1992 000 0 spa d |
| 041 ## - LANGUAGE CODE | |
| Language code of text/sound track or separate title | spa |
| 082 ## - DEWEY DECIMAL CLASSIFICATION NUMBER | |
| Classification number | 330.1724 |
| Item number | PRO |
| 245 04 - TITLE STATEMENT | |
| Title | LOS PROBLEMAS DEL DESARROLLO EN AMERICA LATINA : |
| Remainder of title | HOMENAJE A RAUL PREBISCH |
| 260 ## - PUBLICATION, DISTRIBUTION, ETC. | |
| Place of publication, distribution, etc. | [s.l.] : |
| Name of publisher, distributor, etc. | FONDO DE CULTURA ECONOMICA DE ARGENTINA, |
| Date of publication, distribution, etc. | 1992 |
| 300 ## - PHYSICAL DESCRIPTION | |
| Extent | 406 |
| 490 ## - SERIES STATEMENT | |
| Series statement | SECCION DE OBRAS DE ECONOMIA |
| 650 14 - SUBJECT ADDED ENTRY--TOPICAL TERM | |
| Topical term or geographic name entry element | AMERICA LATINA |
| General subdivision | CONDICIONES ECONOMICAS |
| -- | AMERICA LATINA |
| -- | DESARROLLO ECONOMICO |
| Withdrawn status | Lost status | Source of classification or shelving scheme | Damaged status | Not for loan | Collection code | Home library | Current library | Shelving location | Date acquired | Source of acquisition | Inventory number | Total Checkouts | Full call number | Barcode | Date last seen | Date last checked out | Price effective from | Koha item type |
|---|---|---|---|---|---|---|---|---|---|---|---|---|---|---|---|---|---|---|
| Dewey Decimal Classification | General | Biblioteca Karol Wojtyla | Biblioteca Karol Wojtyla | Sala general | 03/12/2013 | Compra | 151000000000000000049876 | 330.1724 PRO | 25048 | 05/01/2026 | 18/08/2017 | 03/12/2013 | Libro | |||||
| Dewey Decimal Classification | General | Biblioteca Karol Wojtyla | Biblioteca Karol Wojtyla | Sala general | 03/12/2013 | Compra | 151000000000000000049875 | 330.1724 PRO | 25047 | 05/01/2026 | 03/12/2013 | Libro |